Calculus and analytical geometry MATH-101 (Record no. 553573)

000 -LEADER
fixed length control field 00404nam a22001337a 4500
082 ## - DEWEY DECIMAL CLASSIFICATION NUMBER
Classification number CP09
100 ## - MAIN ENTRY--PERSONAL NAME
Personal name Faiza Zeshan
9 (RLIN) 50834
245 ## - TITLE STATEMENT
Title Calculus and analytical geometry MATH-101
Remainder of title Course pack OD-82, CED-83
Statement of responsibility, etc. Faiza Zeshan
250 ## - EDITION STATEMENT
Edition statement Fall semester 2014
260 ## - PUBLICATION, DISTRIBUTION, ETC.
Place of publication, distribution, etc. MCE
526 ## - STUDY PROGRAM INFORMATION NOTE
Program name 0
Interest level 0
Reading level 0
Title point value CP_000000000000000_09
650 ## - SUBJECT ADDED ENTRY--TOPICAL TERM
Topical term or geographic name entry element Calculus and analytical geometry MATH-101
9 (RLIN) 50835
942 ## - ADDED ENTRY ELEMENTS (KOHA)
Source of classification or shelving scheme
Koha item type Book
Holdings
Withdrawn status Lost status Source of classification or shelving scheme Damaged status Not for loan Permanent Location Current Location Date acquired Total Checkouts Full call number Barcode Date last seen Date last checked out Price effective from Koha item type
          Military College of Engineering (MCE) Military College of Engineering (MCE) 08/17/2015 4 CP09 MCE-CP09 05/16/2018 05/16/2018 08/17/2015 Book
© 2023 Central Library, National University of Sciences and Technology. All Rights Reserved.